Irish Bands and Singers - Sudden Death - Statistics

General Stats
  • This quiz has been taken 83 times
  • The average score is 7 of 16
Answers on the Grid
Answers color-coded by a green-red scale on the quiz's grid according to % correct below.
Bono
Enya
Niall Horan
Sinéad O'Connor
Kodaline
The Cranberries
The Script
U2
Thin Lizzy
Hozier
Snow Patrol
My Bloody Valentine
Boyzone
Van Morrison
Orla Gartland
The Frames
Bon Iver
Bonnie Tyler
Duran Duran
Greta Van Fleet
The Cars
The Fray
The Lumineers
Avicii
Harry Styles
Charlie XCX
Lorde
Sheryl Crow
Carole King
Bryan Adams
 
Answer Stats
Answer % Correct
U2
90%
Sinéad O'Connor
79%
Bono
73%
The Cranberries
71%
Niall Horan
54%
Thin Lizzy
54%
Enya
52%
Van Morrison
52%
Boyzone
37%
Hozier
35%
The Script
25%
Snow Patrol
22%
Orla Gartland
19%
Kodaline
17%
The Frames
14%
My Bloody Valentine
11%
No matching quizzes found
Score Distribution
Percent of People with Each Score
Percentile by Number Answered
Your Score History
You have not taken this quiz